000 00599nam a22002297a 4500
003 UA-OsUOA
001 33089
007 ta
008 20050311b un ||||| |||| 00| 0 ukr d
090 _a02
_bР40
942 _cBK
040 _aUA-OsUOA
_bukr
_cUA-OsUOA
_dUA-OsUOA
245 _aРеорганізаця бібліотечної мережі
_bЗб. матеріалів
_cУпоряд. С. П.Ступницький
300 _a48 с.
955 _a0
041 _aukr
080 _a02
260 _aРівне
_bДЦНТЕІ
_c2003
044 _aUA
650 7 _2UDC
999 _c319546
_d319546